00506nam a2200157Ia 4500003000900000008004100009020002200050040001600072080001900088100001900107245012300126260003900249300001400288650002400302650002200326IN-BaIIA211028s9999 xx 000 0 eng d a978-981-270-920-2 cIIA Library a530.1:930bCAP aCapri, Anton Z 0aQuips, quotes and quantaban anecdotal history of physicscAnton Z Capri  aNew JerseybWorld Scientificc2007 aix, 198p. aPhysics - anecdotes aPhysics - history